书目信息 |
| 题名: |
半生缘
|
|
| 作者: | 张爱玲 | |
| 分册: | ||
| 出版信息: | 北京 北京十月文艺出版社 2009 |
|
| 页数: | 345页 | |
| 开本: | 21cm | |
| 丛书名: | ||
| 单 册: | ||
| 中图分类: | I246.57 | |
| 科图分类: | ||
| 主题词: | 长篇小说--中国--现代 | |
| 电子资源: | ||
| ISBN: | 978-7-5302-0946-2 | |
| 000 | 00763nam0 2200253 450 | |
| 001 | 100428593073 | |
| 005 | 20110223090153.54 | |
| 010 | @a978-7-5302-0946-2@b精装@dCNY29.80 | |
| 035 | @a004191627 | |
| 100 | @a20090625d2009 em y0chiy0110 ea | |
| 101 | 0 | @achi |
| 102 | @aCN@b110000 | |
| 105 | @ay z 000ay | |
| 106 | @ar | |
| 200 | 1 | @a半生缘@9ban sheng yuan@f张爱玲著 |
| 210 | @a北京@c北京十月文艺出版社@d2009 | |
| 215 | @a345页@d21cm | |
| 300 | @a张爱玲全集 长篇小说 | |
| 330 | @a本书摘要:他和曼桢认识,已经是多年前的事了,算起来已经有十四年了。 | |
| 606 | 0 | @a长篇小说@y中国@z现代 |
| 690 | @aI246.57@v4 | |
| 701 | 0 | @a张爱玲@9zhang ai |
| 801 | 0 | @aCN@bNLC@c20110223 |
| 905 | @b207999825-861/207994492-535@h799982-86/799449-53@dI246.57@e109@f10 | |
| 半生缘/张爱玲著.-北京:北京十月文艺出版社,2009 |
| 345页;21cm |
| 张爱玲全集 长篇小说 |
| ISBN 978-7-5302-0946-2(精装):CNY29.80 |
| 本书摘要:他和曼桢认识,已经是多年前的事了,算起来已经有十四年了。 |
| ● |
| 相关链接 |
|
|
|
|
正题名:半生缘
索取号:I246.57/109
 
预约/预借
| 序号 | 登录号 | 条形码 | 馆藏地/架位号 | 状态 | 备注 |
| 1 | 799449 | 207994492 | 第一样本阅览室/ [索取号:I246.57/109] | 在馆 | |
| 2 | 799450 | 207994508 | 第二借阅区/ [索取号:I246.57/109] | 在馆 | |
| 3 | 799451 | 207994517 | 第二借阅区/ [索取号:I246.57/109] | 在馆 | |
| 4 | 799452 | 207994526 | 第二借阅区/ [索取号:I246.57/109] | 在馆 | |
| 5 | 799453 | 207994535 | 第二借阅区/ [索取号:I246.57/109] | 在馆 | |
| 6 | 799982 | 207999825 | 第二借阅区/ [索取号:I246.57/109] | 在馆 | |
| 7 | 799983 | 207999834 | 第二借阅区/ [索取号:I246.57/109] | 在馆 | |
| 8 | 799984 | 207999843 | 第二借阅区/ [索取号:I246.57/109] | 在馆 | |
| 9 | 799985 | 207999852 | 第二借阅区/ [索取号:I246.57/109] | 在馆 | |
| 10 | 799986 | 207999861 | 第二借阅区/ [索取号:I246.57/109] | 在馆 |